[Event "4NCL/Div2/WRO vs. WES1"]
[Site "Wokefield Park ENG"]
[Date "2007.03.04"]
[Round "8.8"]
[White "Khoo, Selina"]
[Black "Khakimova, Masura"]
[Result "1-0"]
[WhiteElo "1995"]
[BlackElo "1885"]
[PlyCount "95"]
[EventDate "2007.03.04"]

1. e4 d6 2. d4 Nf6 3. Nc3 g6 4. Nf3 Bg7 5. Be3 c6 6. Bd3 Qa5 7. Qd2 Nbd7 8.
O-O-O Nb6 9. h3 Be6 10. a3 Nc4 11. Bxc4 Bxc4 12. e5 Nd5 13. Ne4 Qxd2+ 14. Nfxd2
Nxe3 15. fxe3 Bd5 16. exd6 exd6 17. Nxd6+ Ke7 18. Nxb7 Bxg2 19. Rh2 Bd5 20. c4
Be6 21. Kc2 Rhe8 22. Nc5 Bc8 23. Kd3 Rb8 24. b4 Kf8 25. Rf1 Re7 26. Rf3 Bd7 27.
Rhf2 Rbe8 28. e4 Bc8 29. h4 Rd8 30. Ndb3 Kg8 31. Kc3 f5 32. e5 Be6 33. Na5 Rc8
34. Rd3 Bf7 35. Re2 Be8 36. Kb3 Rd8 37. Nab7 Rb8 38. Na5 Rd8 39. Nab7 Rb8 40.
Nd6 Bf8 41. Rg3 Bg7 42. h5 Rd8 43. Reg2 f4 44. Rf3 gxh5 45. Nf5 Rdd7 46. Nxd7
Rxd7 47. e6 Rb7 48. e7 1-0

[Event "4NCL/Div2/GUI3 vs. BAR2"]
[Site "Wokefield Park ENG"]
[Date "2007.03.04"]
[Round "8.1"]
[White "Granat, Russell G"]
[Black "Taylor, Martin R"]
[Result "0-1"]
[WhiteElo "2264"]
[BlackElo "2323"]
[PlyCount "104"]
[EventDate "2007.03.04"]

1. e4 Nf6 2. Nc3 e5 3. Nf3 Nc6 4. d3 Be7 5. Nd5 Nxd5 6. exd5 Nb4 7. Nxe5 Nxd5
8. Be2 O-O 9. O-O d6 10. Ng4 Be6 11. Bf3 c6 12. c4 Nf6 13. Nxf6+ Bxf6 14. Bf4
d5 15. c5 Re8 16. d4 Bf5 17. Qd2 Qd7 18. a4 Be4 19. Be2 Bg6 20. Ra3 Bxd4 21.
Qxd4 Rxe2 22. Re3 Re8 23. Rxe2 Rxe2 24. Be3 h5 25. Rc1 Qg4 26. Qxg4 hxg4 27.
Bd4 Bd3 28. b4 f6 29. h3 gxh3 30. gxh3 Bf5 31. Kg2 Rd2 32. Bc3 Rd3 33. f3 d4
34. Ba1 Be6 35. Kf2 Bd5 36. Ke2 Rxf3 37. Bxd4 Rxh3 38. a5 a6 39. Kd2 Kf7 40.
Rf1 Rh2+ 41. Ke3 Rh3+ 42. Kd2 Rf3 43. Rg1 g5 44. Be3 Rh3 45. Rf1 Kg6 46. Re1
Rh4 47. Rb1 Rh1 48. Rxh1 Bxh1 49. Bf2 f5 50. Ke2 f4 51. Bd4 Kf5 52. Bg1 g4 0-1

[Event "4NCL/Div2/GUI3 vs. BAR2"]
[Site "Wokefield Park ENG"]
[Date "2007.03.04"]
[Round "8.2"]
[White "Pritchett, Craig W"]
[Black "Richardson, Keith B"]
[Result "1-0"]
[WhiteElo "2298"]
[BlackElo "2250"]
[Annotator "Armstrong,Malcolm"]
[PlyCount "118"]
[EventDate "2007.03.04"]

1. e4 g6 2. d4 Bg7 3. Nc3 d6 4. Be3 a6 5. a4 Nf6 6. Nf3 O-O 7. Be2 Nc6 8. O-O
Ng4 9. Bg5 h6 10. Bh4 Nf6 11. h3 Nh5 12. d5 Nb8 13. Nh2 Nf4 14. Bg4 f5 15. Bf3
Nd7 16. Bg3 Nxh3+ 17. gxh3 f4 18. Bg4 Ne5 19. Be6+ Bxe6 20. dxe6 fxg3 21. fxg3
c6 22. Rxf8+ Qxf8 23. Kg2 Qf6 24. Qd4 Qxe6 25. Qb6 Qd7 26. Qb3+ Kh7 27. Rf1 e6
28. Nf3 Nxf3 29. Rxf3 Rf8 30. Rxf8 Bxf8 31. Ne2 d5 32. Qd3 Qd6 33. b3 dxe4 34.
Qxe4 Qd5 35. Nc3 Qxe4+ 36. Nxe4 Kg7 37. Kf3 Kf7 38. Nd2 Bd6 39. Nc4 Bc7 40. g4
Kf6 41. Ke4 Kg5 42. Kf3 Kh4 43. Kg2 h5 44. gxh5 Kxh5 45. Nd2 Kg5 46. Ne4+ Kf4
47. Nc5 Ke5 48. Nxb7 Kd4 49. b4 Kc4 50. Nc5 Bd6 51. Nxa6 Bxb4 52. Nc7 e5 53.
Kf3 Bd6 54. Ne8 Bb8 55. Nf6 Kc3 56. a5 Kxc2 57. Nd7 Kd3 58. Nxb8 e4+ 59. Kg3 e3
{time} 1-0

[Event "4NCL/Div2/GUI3 vs. BAR2"]
[Site "Wokefield Park ENG"]
[Date "2007.03.04"]
[Round "8.3"]
[White "Abayasekera, Roger"]
[Black "Coleman, David"]
[Result "1-0"]
[WhiteElo "2207"]
[BlackElo "2251"]
[PlyCount "107"]
[EventDate "2007.03.04"]

1. d4 Nf6 2. c4 Nc6 3. Nf3 e6 4. a3 d6 5. Nc3 g6 6. g3 Bg7 7. Bg2 O-O 8. O-O h6
9. e4 e5 10. d5 Ne7 11. Ne1 Nd7 12. Nd3 c6 13. c5 Qc7 14. Be3 Rd8 15. Rc1 dxc5
16. Nxc5 Nb6 17. Qb3 Nd7 18. Rfd1 Nf8 19. Nd3 b6 20. dxc6 Qxc6 21. Nd5 Qd6 22.
Qb4 Nxd5 23. exd5 Bb7 24. Qxd6 Rxd6 25. Rc7 Rb8 26. f4 f6 27. fxe5 fxe5 28. Rf1
Bxd5 29. Bxd5+ Rxd5 30. Nb4 Rd7 31. Rxf8+ Rxf8 32. Rxd7 e4 33. Bd4 Bxd4+ 34.
Rxd4 e3 35. Re4 Rf2 36. Nd3 Re2 37. h4 Kg7 38. Kf1 Rd2 39. Rxe3 Kf6 40. b4 Kf5
41. Nf2 Ra2 42. Kg2 a5 43. g4+ Kf6 44. Kf3 axb4 45. axb4 Rb2 46. Nd3 Rd2 47.
Nf4 Kf7 48. g5 hxg5 49. hxg5 Rd1 50. Re5 Rf1+ 51. Kg3 Rg1+ 52. Ng2 Rb1 53. Rb5
Ke6 54. Nf4+ 1-0

[Event "4NCL/Div2/GUI3 vs. BAR2"]
[Site "Wokefield Park ENG"]
[Date "2007.03.04"]
[Round "8.4"]
[White "Lewis, Andrew P"]
[Black "Tymrakiewicz, Rafal"]
[Result "1/2-1/2"]
[WhiteElo "2254"]
[BlackElo "2227"]
[PlyCount "121"]
[EventDate "2007.03.04"]

1. c4 f5 2. d4 Nf6 3. g3 e6 4. Bg2 Be7 5. Nf3 O-O 6. O-O d6 7. Nc3 Qe8 8. b3 a5
9. Ba3 Na6 10. e3 c6 11. Na4 b5 12. Nb6 Rb8 13. Nxc8 Rxc8 14. d5 cxd5 15. cxd5
Nxd5 16. Nd4 Nc3 17. Qd3 d5 18. Bb2 Nb4 19. Qd2 Ne4 20. Qd1 Bf6 21. a3 Nc2 22.
Rc1 Nxd4 23. exd4 Rxc1 24. Qxc1 Qc8 25. f3 Qxc1 26. Rxc1 Nd2 27. Rc6 Re8 28.
Kf2 Nxb3 29. Ke3 e5 30. dxe5 Bxe5 31. Bxe5 Rxe5+ 32. Kd3 d4 33. f4 Re3+ 34. Kc2
Re2+ 35. Kxb3 Rxg2 36. Rc5 Rxh2 37. Rxb5 Rg2 38. Rxa5 Rxg3+ 39. Kb4 g6 40. Rd5
d3 41. a4 Rf3 42. a5 Rxf4+ 43. Kb5 Rf1 44. Rxd3 Rb1+ 45. Kc5 h5 46. Ra3 Kg7 47.
a6 Rb8 48. Kc6 h4 49. a7 Ra8 50. Kb7 Rxa7+ 51. Rxa7 Kf6 52. Kc6 g5 53. Kd5 g4
54. Kd4 h3 55. Ke3 g3 56. Kf3 h2 57. Rh7 f4 58. Rh4 Ke5 59. Rh8 Kf6 60. Rh4 Ke5
61. Rh8 1/2-1/2

[Event "4NCL/Div2/GUI3 vs. BAR2"]
[Site "Wokefield Park ENG"]
[Date "2007.03.04"]
[Round "8.5"]
[White "Dekker, Alain"]
[Black "Hodgson, John H"]
[Result "1/2-1/2"]
[WhiteElo "2144"]
[BlackElo "2225"]
[PlyCount "25"]
[EventDate "2007.03.04"]

1. e4 c5 2. Nf3 Nc6 3. d4 cxd4 4. Nxd4 g6 5. Nxc6 bxc6 6. Qd4 Nf6 7. e5 Nd5 8.
e6 f6 9. exd7+ Qxd7 10. Be2 Qe6 11. Kf1 Bg7 12. Nc3 O-O 13. Bc4 1/2-1/2

[Event "4NCL/Div2/GUI3 vs. BAR2"]
[Site "Wokefield Park ENG"]
[Date "2007.03.04"]
[Round "8.6"]
[White "Taylor, Peter"]
[Black "Punnett, Alan K"]
[Result "1-0"]
[WhiteElo "2217"]
[BlackElo "2107"]
[PlyCount "53"]
[EventDate "2007.03.04"]

1. c4 Nf6 2. Nc3 e5 3. Nf3 Nc6 4. g3 Be7 5. Bg2 O-O 6. O-O Re8 7. d4 exd4 8.
Nxd4 h6 9. b3 Rb8 10. Bb2 Bf8 11. Rc1 a6 12. Nd5 Nxd5 13. cxd5 Nxd4 14. Qxd4 c5
15. Rxc5 Rxe2 16. d6 Re6 17. Rf5 b5 18. Bd5 Rf6 19. Rxf6 Qxf6 20. Qxf6 gxf6 21.
Bxf6 Bxd6 22. Rd1 Bb4 23. Rd4 Rb6 24. Rg4+ Kf8 25. Bg7+ Kg8 26. Bd4+ Rg6 27.
Rxg6+ 1-0

[Event "4NCL/Div2/GUI3 vs. BAR2"]
[Site "Wokefield Park ENG"]
[Date "2007.03.04"]
[Round "8.7"]
[White "Norman, Kenneth I"]
[Black "Dorrington, Christopher"]
[Result "1/2-1/2"]
[WhiteElo "2151"]
[BlackElo "2240"]
[PlyCount "66"]
[EventDate "2007.03.04"]

1. Nf3 Nf6 2. c4 e6 3. g3 d5 4. Bg2 Be7 5. O-O O-O 6. d4 c6 7. Qc2 b6 8. b3 Ba6
9. Nbd2 Nbd7 10. Bb2 Rc8 11. e4 c5 12. e5 Ne8 13. Rfe1 cxd4 14. Nxd4 b5 15.
Rac1 Nb6 16. c5 Rxc5 17. Qd3 Qd7 18. a4 Nc7 19. Rxc5 Bxc5 20. a5 Nc8 21. Rc1
Be7 22. Nc6 b4 23. Qe3 Bb7 24. Nxe7+ Qxe7 25. Bd4 Na6 26. Bxa7 Qd8 27. Bd4 Qxa5
28. Bf1 Qd8 29. Ra1 Nb8 30. Bc5 Re8 31. Bb5 Bc6 32. Bf1 Bb7 33. Bb5 Bc6 1/2-1/2

[Event "4NCL/Div2/GUI3 vs. BAR2"]
[Site "Wokefield Park ENG"]
[Date "2007.03.04"]
[Round "8.8"]
[White "Regan, Natasha"]
[Black "Kokossis, Danae"]
[Result "1/2-1/2"]
[WhiteElo "2171"]
[BlackElo "1595"]
[PlyCount "35"]
[EventDate "2007.03.04"]

1. e4 e5 2. f4 exf4 3. Bc4 Be7 4. d4 d5 5. Bxd5 Nf6 6. Nc3 Bb4 7. Qe2 O-O 8.
Bb3 Nxe4 9. Kf1 Nxc3 10. bxc3 Bxc3 11. Rb1 Re8 12. Bxf7+ Kxf7 13. Qc4+ Be6 14.
Qxc3 Bd5 15. Bxf4 Na6 16. Nf3 Kg8 17. Kg1 Rc8 18. h3 1/2-1/2

[Event "4NCL/Div2/OXF1 vs. WWKS1"]
[Site "Wokefield Park ENG"]
[Date "2007.03.04"]
[Round "8.1"]
[White "Savage, Ben D"]
[Black "Mason, Don"]
[Result "1-0"]
[WhiteElo "2334"]
[BlackElo "2249"]
[PlyCount "67"]
[EventDate "2007.03.04"]

1. e4 c5 2. c3 e6 3. d4 d5 4. e5 Qb6 5. Nf3 Nc6 6. a3 Nh6 7. b4 cxd4 8. cxd4
Nf5 9. Bb2 Bd7 10. g4 Nfe7 11. Nc3 Na5 12. Qc2 Nc4 13. Bxc4 dxc4 14. Nd2 Rc8
15. Nce4 Nd5 16. Nxc4 Rxc4 17. Qxc4 Be7 18. O-O O-O 19. Rfe1 Nf4 20. Rad1 Bc6
21. Bc1 Nh3+ 22. Kg2 Ng5 23. Bxg5 Bxg5 24. f3 Bf4 25. Nc3 Bd5 26. Nxd5 exd5 27.
Qxd5 Qh6 28. Rh1 Rc8 29. Qe4 g5 30. Rde1 Qa6 31. h4 Qa4 32. Re2 Qxa3 33. hxg5
f5 34. gxf6 1-0

[Event "4NCL/Div2/OXF1 vs. WWKS1"]
[Site "Wokefield Park ENG"]
[Date "2007.03.04"]
[Round "8.2"]
[White "Thomas, Nicholas"]
[Black "Ozeren, Kemal"]
[Result "1-0"]
[WhiteElo "2296"]
[BlackElo "2298"]
[PlyCount "91"]
[EventDate "2007.03.04"]

1. e4 c6 2. d4 d5 3. Nd2 dxe4 4. Nxe4 Bf5 5. Ng3 Bg6 6. h4 h6 7. Nf3 Nd7 8. h5
Bh7 9. Bd3 Bxd3 10. Qxd3 e6 11. Bd2 Ngf6 12. O-O-O Be7 13. Ne4 Nxe4 14. Qxe4
Nf6 15. Qe2 Qd5 16. c4 Qe4 17. Qxe4 Nxe4 18. Be3 O-O 19. Ne5 Rfd8 20. g4 Bf6
21. f3 Nd6 22. b3 b5 23. c5 Bxe5 24. dxe5 Nb7 25. Rxd8+ Rxd8 26. Rd1 Kf8 27.
Rxd8+ Nxd8 28. Kc2 Ke7 29. Kd3 Kf8 30. Ke4 Kg8 31. g5 Kh7 32. gxh6 gxh6 33. Bf2
Kg7 34. Bh4 Nb7 35. Be7 Kg8 36. f4 Kg7 37. f5 Kg8 38. f6 a5 39. a4 bxa4 40.
bxa4 Kh7 41. Kd4 Kg8 42. Kc4 Kh7 43. Bf8 Kg8 44. Bxh6 Nd8 45. Bd2 Nb7 46. Bxa5
1-0

[Event "4NCL/Div2/OXF1 vs. WWKS1"]
[Site "Wokefield Park ENG"]
[Date "2007.03.04"]
[Round "8.3"]
[White "Boytsun, Olena"]
[Black "James, Russell A"]
[Result "1/2-1/2"]
[WhiteElo "2281"]
[BlackElo "2233"]
[PlyCount "34"]
[EventDate "2007.03.04"]

1. d4 d5 2. c4 e6 3. Nc3 Nf6 4. Bg5 Bb4 5. e3 h6 6. Bxf6 Qxf6 7. a3 Bxc3+ 8.
bxc3 c5 9. Nf3 O-O 10. Qb3 Rd8 11. Be2 dxc4 12. Bxc4 Nc6 13. Qc2 cxd4 14. cxd4
e5 15. dxe5 Nxe5 16. Nxe5 Qxe5 17. O-O Be6 1/2-1/2

[Event "4NCL/Div2/OXF1 vs. WWKS1"]
[Site "Wokefield Park ENG"]
[Date "2007.03.04"]
[Round "8.4"]
[White "Pitcher, John"]
[Black "White, Michael J R"]
[Result "1/2-1/2"]
[WhiteElo "2195"]
[BlackElo "2260"]
[PlyCount "102"]
[EventDate "2007.03.04"]

1. e4 c5 2. Nc3 Nc6 3. Bb5 Nd4 4. Bc4 e6 5. Nf3 Nf6 6. O-O a6 7. e5 d5 8. exf6
dxc4 9. fxg7 Bxg7 10. d3 cxd3 11. Qxd3 Bd7 12. Nxd4 Bxd4 13. Kh1 Qh4 14. Qg3
Qxg3 15. hxg3 O-O-O 16. Nd1 Bb5 17. Re1 Ba4 18. Ne3 h5 19. c3 Bf6 20. Kg1 Bc6
21. Kf1 h4 22. gxh4 Rxh4 23. Ke2 Bb5+ 24. Kf3 Bc6+ 25. Ke2 Bb5+ 26. Kf3 Rg8 27.
g3 Bc6+ 28. Ke2 Bb5+ 29. Kf3 Bc6+ 30. Ke2 Rh2 31. Nf1 Bb5+ 32. Kf3 Bc6+ 33. Ke2
Rh5 34. Ne3 Bb5+ 35. Kf3 Bd3 36. Bd2 e5 37. Rh1 e4+ 38. Kg2 Be2 39. Rxh5 Bxh5
40. g4 Bg5 41. Kh3 Bxe3 42. Bxe3 Bxg4+ 43. Kg3 Be6+ 44. Kf4 Rg4+ 45. Ke5 Kd7
46. Rd1+ Kc6 47. a4 b6 48. Rd6+ Kb7 49. a5 bxa5 50. Bxc5 Rg5+ 51. Kd4 Rf5
1/2-1/2

[Event "4NCL/Div2/OXF1 vs. WWKS1"]
[Site "Wokefield Park ENG"]
[Date "2007.03.04"]
[Round "8.5"]
[White "Eckersley-Waites, Tom"]
[Black "Shephard, Chris C W"]
[Result "1-0"]
[WhiteElo "2159"]
[BlackElo "2180"]
[PlyCount "87"]
[EventDate "2007.03.04"]

1. e4 c6 2. d4 g6 3. Nc3 d5 4. Be3 Bg7 5. Qd2 dxe4 6. Nxe4 Nf6 7. f3 e5 8.
O-O-O Nxe4 9. fxe4 exd4 10. Bh6 O-O 11. Bc4 Bxh6 12. Qxh6 Qf6 13. Nf3 c5 14.
Ng5 Qg7 15. Bxf7+ Rxf7 16. Nxf7 Qxf7 17. Rdf1 Qe7 18. h4 Nc6 19. h5 g5 20. Rf6
Qg7 21. Qxg7+ Kxg7 22. Rhf1 Bg4 23. Rf7+ Kg8 24. h6 Bh5 25. Rxb7 Bg6 26. Rc7
Ne5 27. Rxc5 Nf7 28. Rc7 Nxh6 29. e5 Ng4 30. e6 Ne3 31. Rf2 a6 32. Rd7 Nf5 33.
g4 Ng7 34. e7 Re8 35. Rf6 Bf7 36. Rxa6 Be6 37. Rxd4 Rxe7 38. Ra5 h6 39. b4 Kf7
40. b5 h5 41. gxh5 Nxh5 42. b6 Nf4 43. Rb4 Nd5 44. Rbb5 1-0

[Event "4NCL/Div2/OXF1 vs. WWKS1"]
[Site "Wokefield Park ENG"]
[Date "2007.03.04"]
[Round "8.6"]
[White "Fishburne, Stewart K"]
[Black "Rawlinson, Aidan"]
[Result "1/2-1/2"]
[WhiteElo "2200"]
[BlackElo "2186"]
[PlyCount "30"]
[EventDate "2007.03.04"]

1. e4 c5 2. Nc3 e6 3. g3 d5 4. exd5 exd5 5. Bg2 Nf6 6. d3 d4 7. Ne4 Nxe4 8.
Bxe4 Nd7 9. Ne2 Nf6 10. Bg2 Bd6 11. O-O O-O 12. Bf4 Rb8 13. Qd2 b6 14. Bxd6
Qxd6 15. Qf4 Qxf4 1/2-1/2

[Event "4NCL/Div2/OXF1 vs. WWKS1"]
[Site "Wokefield Park ENG"]
[Date "2007.03.04"]
[Round "8.7"]
[White "Shaw, David A"]
[Black "Baruch, Andrew J D"]
[Result "1-0"]
[WhiteElo "2202"]
[BlackElo "2085"]
[PlyCount "69"]
[EventDate "2007.03.04"]

1. e4 Nf6 2. e5 Nd5 3. d4 d6 4. c4 Nb6 5. exd6 cxd6 6. Nc3 g6 7. Be3 Bg7 8. Rc1
O-O 9. b3 e6 10. Nf3 Bd7 11. Be2 d5 12. c5 Nc8 13. b4 a6 14. a4 Nc6 15. b5 axb5
16. axb5 Na5 17. h4 Ne7 18. h5 Nf5 19. Bf4 Nxd4 20. Nxd4 e5 21. Bg3 exd4 22.
Nxd5 Bf5 23. Bd6 Re8 24. O-O Nb3 25. Qxb3 Rxe2 26. hxg6 hxg6 27. Rfe1 Rxe1+ 28.
Rxe1 Be6 29. Qf3 Bxd5 30. Qxd5 b6 31. Re7 Ra1+ 32. Kh2 Qf8 33. cxb6 Bf6 34. Re8
Qxe8 35. b7 1-0

[Event "4NCL/Div2/OXF1 vs. WWKS1"]
[Site "Wokefield Park ENG"]
[Date "2007.03.04"]
[Round "8.8"]
[White "Hale, Katie L W"]
[Black "Smallbone, Kieran"]
[Result "0-1"]
[WhiteElo "1830"]
[BlackElo "2228"]
[PlyCount "94"]
[EventDate "2007.03.04"]

1. e4 c6 2. d4 d5 3. Nd2 dxe4 4. Nxe4 Bf5 5. Ng3 Bg6 6. Nf3 Nd7 7. Bf4 e6 8.
Bd3 Bxd3 9. Qxd3 Ngf6 10. Ne4 Nxe4 11. Qxe4 Nf6 12. Qd3 Be7 13. O-O O-O 14. c4
a5 15. b3 Qb6 16. Rad1 Rfd8 17. h3 Rac8 18. Rfe1 Qa6 19. Qc2 b5 20. Ne5 Qb7 21.
Re2 Nd7 22. Nf3 Nf8 23. Bd2 Qa7 24. Be3 Qb7 25. Bd2 Qa6 26. Be3 Ng6 27. Red2
Qb7 28. Qe4 Bf6 29. Bg5 Rd7 30. Bxf6 gxf6 31. d5 cxd5 32. cxd5 Rcd8 33. Qd4 e5
34. Qc5 Nf4 35. d6 Kh8 36. g3 Qxf3 37. gxf4 Qxh3 38. Rd3 Rg8+ 39. Rg3 Rxg3+ 40.
fxg3 Qxg3+ 41. Kf1 Qxf4+ 42. Ke1 Qb4+ 43. Qxb4 axb4 44. Rd5 Kg7 45. Rxb5 Rxd6
46. Rxb4 Kf8 47. Kf2 Rd2+ 0-1

[Event "4NCL/Div2/RIC vs. HKF2"]
[Site "Wokefield Park ENG"]
[Date "2007.03.04"]
[Round "8.1"]
[White "Wall, Gavin"]
[Black "Crouch, Colin"]
[Result "0-1"]
[WhiteElo "2326"]
[BlackElo "2366"]
[PlyCount "130"]
[EventDate "2007.03.04"]

1. e4 c5 2. Nf3 e6 3. c3 Nf6 4. e5 Nd5 5. Na3 d6 6. Nc4 dxe5 7. Ncxe5 a6 8. d4
Nd7 9. Ng5 Nxe5 10. dxe5 Be7 11. Qh5 g6 12. Qg4 Qc7 13. f4 c4 14. a4 Bd7 15. h4
h6 16. Ne4 Bc6 17. Qe2 b5 18. axb5 axb5 19. Rxa8+ Bxa8 20. g3 h5 21. Bg2 Bc6
22. O-O Kd7 23. Rd1 Kc8 24. Kh2 Kb7 25. b3 cxb3 26. c4 bxc4 27. Qxc4 Qb6 28.
Nc3 Rd8 29. Nxd5 exd5 30. Bxd5 Rxd5 31. Rxd5 b2 32. Bxb2 Qxb2+ 33. Kh3 Qb1 34.
Kh2 Qe1 35. Qb3+ Kc7 36. Qd1 Qf2+ 37. Kh3 Bxd5 38. Qxd5 Qg1 39. Qc4+ Kb6 40.
Qb3+ Kc5 41. Qc3+ Kb5 42. Qd3+ Ka5 43. Qd2+ Bb4 44. Qd8+ Ka4 45. Qd7+ Ka3 46.
Qd3+ Kb2 47. Qe2+ Kc3 48. Qf3+ Kd4 49. Qc6 Qf1+ 50. Kh2 Qe2+ 51. Kh3 Qg4+ 52.
Kh2 Qe6 53. Qc2 Qc4 54. Qf2+ Kd5 55. Qf3+ Ke6 56. Qb7 Ba5 57. Qb1 Ke7 58. Qb7+
Qc7 59. Qa6 Bb6 60. Qa8 Qc5 61. Kh3 Qg1 62. Qf3 Kf8 63. g4 hxg4+ 64. Qxg4 Qf1+
65. Kh2 Be3 0-1

[Event "4NCL/Div2/RIC vs. HKF2"]
[Site "Wokefield Park ENG"]
[Date "2007.03.04"]
[Round "8.2"]
[White "Britton, Richard L"]
[Black "Bates, Richard A"]
[Result "1/2-1/2"]
[WhiteElo "2251"]
[BlackElo "2376"]
[PlyCount "56"]
[EventDate "2007.03.04"]

1. e4 c5 2. Nf3 d6 3. d4 cxd4 4. Nxd4 Nf6 5. Nc3 a6 6. Bc4 e6 7. Bb3 b5 8. O-O
Be7 9. Qf3 Qc7 10. Qg3 Nc6 11. Nxc6 Qxc6 12. Re1 Bb7 13. f3 O-O 14. Bh6 Ne8 15.
Kh1 Bf6 16. Nd1 Qc5 17. Be3 Qh5 18. c3 d5 19. exd5 Bxd5 20. Bxd5 Qxd5 21. Bf4
Rd8 22. Nf2 Nd6 23. Bxd6 Qxd6 24. Qxd6 Rxd6 25. Ne4 Rd5 26. Nxf6+ gxf6 27. Re2
Rfd8 28. Kg1 Rd1+ 1/2-1/2

[Event "4NCL/Div2/RIC vs. HKF2"]
[Site "Wokefield Park ENG"]
[Date "2007.03.04"]
[Round "8.3"]
[White "Bisby, Daniel L"]
[Black "Lindner, Daniel"]
[Result "1/2-1/2"]
[WhiteElo "2279"]
[BlackElo "2253"]
[PlyCount "36"]
[EventDate "2007.03.04"]

1. e4 e5 2. Nf3 Nc6 3. Bc4 Nf6 4. d3 Be7 5. O-O O-O 6. a4 d5 7. exd5 Nxd5 8. h3
a6 9. Re1 Bf6 10. Nbd2 g6 11. Ne4 Bg7 12. Bg5 f6 13. Be3 Kh8 14. Bc5 Rf7 15. d4
Be6 16. dxe5 Nxe5 17. Nxe5 fxe5 18. Ba3 Nf4 1/2-1/2

[Event "4NCL/Div2/RIC vs. HKF2"]
[Site "Wokefield Park ENG"]
[Date "2007.03.04"]
[Round "8.4"]
[White "McFarland, Robert S"]
[Black "Osborne, Marcus E"]
[Result "1/2-1/2"]
[WhiteElo "2238"]
[BlackElo "2257"]
[PlyCount "42"]
[EventDate "2007.03.04"]

1. Nf3 d5 2. g3 Bg4 3. Bg2 c6 4. b3 Nd7 5. Bb2 e6 6. d3 Ngf6 7. Nbd2 Bc5 8. O-O
O-O 9. c4 Qb8 10. Qc2 Rc8 11. a3 a5 12. Bc3 b5 13. b4 axb4 14. axb4 Bd6 15. c5
Bc7 16. Rxa8 Qxa8 17. Ra1 Qb7 18. Qa2 e5 19. e3 Bf5 20. Bf1 Bb8 21. Qb2 Re8
1/2-1/2

[Event "4NCL/Div2/RIC vs. HKF2"]
[Site "Wokefield Park ENG"]
[Date "2007.03.04"]
[Round "8.5"]
[White "Franklin, Michael J"]
[Black "Fowler, Simon"]
[Result "1-0"]
[WhiteElo "2203"]
[BlackElo "2218"]
[PlyCount "47"]
[EventDate "2007.03.04"]

1. d4 d5 2. Nf3 c6 3. e3 e6 4. Nbd2 Nd7 5. Bd3 f5 6. c4 Nh6 7. Qc2 Qf6 8. h3
Bd6 9. b3 e5 10. dxe5 Nxe5 11. Nxe5 Bxe5 12. Rb1 f4 13. exf4 Bxf4 14. cxd5 cxd5
15. Nf3 O-O 16. Bxh7+ Kh8 17. Bd3 Re8+ 18. Kf1 Bxc1 19. Rxc1 Nf5 20. Bb5 Rf8
21. Qd2 Nd6 22. Be2 Ne4 23. Qxd5 Qf4 24. Qh5+ 1-0

[Event "4NCL/Div2/RIC vs. HKF2"]
[Site "Wokefield Park ENG"]
[Date "2007.03.04"]
[Round "8.6"]
[White "Burrows, Martin P"]
[Black "Nixon, Thomas C M"]
[Result "0-1"]
[WhiteElo "2230"]
[BlackElo "2189"]
[PlyCount "88"]
[EventDate "2007.03.04"]

1. e4 e5 2. Nf3 Nc6 3. Bb5 a6 4. Ba4 Nf6 5. O-O Be7 6. Re1 b5 7. Bb3 d6 8. c3
O-O 9. h3 Na5 10. Bc2 c5 11. d4 Qc7 12. Nbd2 cxd4 13. cxd4 Nc6 14. Nb3 a5 15.
Be3 Nb4 16. Bb1 a4 17. Nbd2 Nd7 18. a3 Nc6 19. Bd3 Ba6 20. Rc1 Qb7 21. d5 Na5
22. Nh2 Rac8 23. Rxc8 Rxc8 24. Ndf1 Nc5 25. Bb1 Nc4 26. Bc1 Nb3 27. Bc2 Nxc1
28. Qxc1 Qa7 29. Nf3 Bd8 30. b3 axb3 31. Bxb3 Bb6 32. Re2 Ne3 33. Qe1 Nxf1 34.
Qxf1 b4 35. axb4 Bxe2 36. Qxe2 Bxf2+ 37. Kh2 Qe3 38. Bd1 Qxe2 39. Bxe2 Rc2 40.
Bd3 Rc3 41. Bf1 h5 42. Nd2 h4 43. b5 Rc2 44. Nb3 Rb2 0-1

[Event "4NCL/Div2/RIC vs. HKF2"]
[Site "Wokefield Park ENG"]
[Date "2007.03.04"]
[Round "8.7"]
[White "Mitchem, Nicholas D"]
[Black "Wilson, Alexandra"]
[Result "1/2-1/2"]
[WhiteElo "2048"]
[BlackElo "2056"]
[PlyCount "40"]
[EventDate "2007.03.04"]

1. e4 c5 2. Nf3 Nc6 3. d4 cxd4 4. Nxd4 Nf6 5. Nc3 e5 6. Nb3 d6 7. Be2 Be7 8.
O-O O-O 9. Kh1 a6 10. a4 Be6 11. f4 exf4 12. Bxf4 Ne5 13. Nd4 Bd7 14. Nf5 Bxf5
15. exf5 Rc8 16. Bxe5 dxe5 17. Qxd8 Rfxd8 18. Rad1 Rxd1 19. Rxd1 Rd8 20. Rxd8+
Bxd8 1/2-1/2

[Event "4NCL/Div2/RIC vs. HKF2"]
[Site "Wokefield Park ENG"]
[Date "2007.03.04"]
[Round "8.8"]
[White "Parmar, Amisha"]
[Black "Chevannes, Sabrina"]
[Result "1/2-1/2"]
[WhiteElo "1979"]
[BlackElo "2102"]
[PlyCount "33"]
[EventDate "2007.03.04"]

1. e4 c6 2. Nf3 d5 3. exd5 cxd5 4. Ne5 Nc6 5. d4 Nf6 6. Bb5 Qb6 7. c4 e6 8. Nc3
Bb4 9. Qa4 Bxc3+ 10. bxc3 Bd7 11. Nxd7 Nxd7 12. cxd5 exd5 13. Ba3 f5 14. O-O
Kf7 15. Rab1 Qc7 16. Qb3 Nf6 17. Bxc6 1/2-1/2

[Event "4NCL/Div2/BARY vs. CAMB1"]
[Site "Wokefield Park ENG"]
[Date "2007.03.04"]
[Round "8.1"]
[White "Eggleston, David J"]
[Black "Mah, Karl C C"]
[Result "1/2-1/2"]
[WhiteElo "2284"]
[BlackElo "2422"]
[PlyCount "88"]
[EventDate "2007.03.04"]

1. e4 d6 2. Nf3 Nf6 3. Nc3 c6 4. d4 Bg4 5. Be2 e6 6. O-O d5 7. e5 Nfd7 8. Ne1
Bxe2 9. Nxe2 c5 10. c3 Nc6 11. f4 Qb6 12. Kh1 g6 13. b3 cxd4 14. cxd4 Be7 15.
Be3 O-O-O 16. Nd3 Kb8 17. Nc3 Rc8 18. Na4 Qb5 19. Nc3 Qa5 20. Ne2 Qb6 21. a3
Na5 22. b4 Nc4 23. Bf2 Ka8 24. Nc5 Nb8 25. Qd3 Qd8 26. Be1 b6 27. Nb3 Qd7 28.
Qb1 Ne3 29. Rf3 Nc2 30. Ra2 Nxe1 31. Qxe1 Na6 32. Rc3 Rxc3 33. Nxc3 Rc8 34. Nc1
Rc4 35. N1e2 h5 36. Qd1 Nc7 37. Qd3 Ne8 38. Nd1 Kb7 39. Ne3 Rc7 40. g3 Qa4 41.
Rd2 Rc6 42. Rc2 Nc7 43. Rxc6 Qxc6 44. Nc3 a6 1/2-1/2

[Event "4NCL/Div2/BARY vs. CAMB1"]
[Site "Wokefield Park ENG"]
[Date "2007.03.04"]
[Round "8.2"]
[White "Dearing, Eddie"]
[Black "Farrand, Julian T"]
[Result "1-0"]
[WhiteElo "2384"]
[BlackElo "2164"]
[PlyCount "91"]
[EventDate "2007.03.04"]

1. c4 e5 2. g3 d6 3. Bg2 c6 4. Nc3 Be6 5. d3 Nf6 6. e4 d5 7. exd5 cxd5 8. Bg5
Bb4 9. Qb3 Nc6 10. Nge2 O-O 11. Bxf6 gxf6 12. cxd5 Bxc3+ 13. Nxc3 Nd4 14. Qd1
Bf5 15. O-O Qb6 16. Qd2 Rac8 17. Kh1 Qa6 18. Rad1 Bg6 19. f4 b5 20. a3 Qb6 21.
g4 exf4 22. Rxf4 Nb3 23. Qc2 Nc5 24. h4 h6 25. h5 Bh7 26. Qe2 Rfe8 27. Qf1 Kg7
28. d4 Nd7 29. Re1 b4 30. Rxe8 Rxe8 31. axb4 Qxb4 32. Qf2 Rb8 33. Nd1 Qb3 34.
Qd2 Bc2 35. Rf3 Bxd1 36. Rxb3 Bxb3 37. Qc3 Nf8 38. Kh2 Bd1 39. b4 Rb6 40. Be4
a5 41. bxa5 Rb3 42. Qc1 Bxg4 43. a6 Nd7 44. a7 Nb6 45. d6 Rb5 46. a8=Q 1-0

[Event "4NCL/Div2/BARY vs. CAMB1"]
[Site "Wokefield Park ENG"]
[Date "2007.03.04"]
[Round "8.3"]
[White "Twyble, Michael S"]
[Black "Pinter, Gabor"]
[Result "1/2-1/2"]
[WhiteElo "2238"]
[BlackElo "2366"]
[PlyCount "42"]
[EventDate "2007.03.04"]

1. d4 Nf6 2. c4 g6 3. Nc3 Bg7 4. e4 d6 5. Nf3 O-O 6. Be2 c6 7. O-O e5 8. Be3
exd4 9. Bxd4 Re8 10. e5 dxe5 11. Bxe5 Qa5 12. Bd4 Na6 13. a3 c5 14. Be3 Bf5 15.
Qb3 Ng4 16. Bd2 Qb6 17. Qxb6 axb6 18. Rfe1 Nc7 19. h3 Nf6 20. Bf4 Ne6 21. Be5
Rad8 1/2-1/2